| 000 | 01066nam a2200289 a 4500 | ||
|---|---|---|---|
| 001 | 32488 | ||
| 003 | BD-RjUL | ||
| 005 | 20211209051837.0 | ||
| 008 | 140426r19951993pk b 001 0 eng d | ||
| 020 | _a9694081378 | ||
| 020 | _a8174350357 | ||
| 035 | _a(BD-RjUL)32577 | ||
| 040 |
_aANL _beng _cANL _dANL _dBD-RjUL |
||
| 041 | _aeng | ||
| 082 | 0 | 4 |
_a297 _220 _bHAE 1995 |
| 100 | 1 |
_aHamidullah, Muhammad. _998847 |
|
| 245 | 1 | 4 |
_aThe emergence of Islam : _blectures on the development of Islamic world-view, intellectual tradition and polity / _cMuhammad Hamidullah ; translated and edited by Afzal Iqbal. |
| 250 | _a1st Ind. ed. | ||
| 260 |
_aIslamabad, Pakistan : _bIslamic Research Institute, _c1995. |
||
| 300 |
_axiv, 286 p. ; _c24 cm. |
||
| 504 | _aIncludes bibliography (p. [269]-273) and index. | ||
| 650 | 0 |
_aIslam _xDoctrines _xHistory. _998539 |
|
| 650 | 0 |
_aIslam _xCustoms and practices _xHistory. _998849 |
|
| 710 | 2 |
_aIslamic Research Institute (Pakistan) _93748 |
|
| 942 |
_2ddc _cBK |
||
| 999 |
_c32488 _d32488 |
||